[Event "London Classic op U1825 11th"]
[Site "London"]
[Date "2019.12.01"]
[Round "5"]
[White "Arora, Tashika"]
[Black "Mata, Andrew B"]
[Result "1-0"]
[WhiteElo "1549"]
[BlackElo "1756"]
[PlyCount "83"]
[EventDate "2019.11.29"]
[EventType "swiss"]
[EventRounds "5"]
[EventCountry "ENG"]
[SourceTitle "CBM 195 Extra"]
[Source "ChessBase"]
[SourceDate "2020.05.31"]
[SourceVersion "1"]
[SourceVersionDate "2020.05.31"]
[SourceQuality "1"]

1. d4 Nf6 2. Nf3 g6 3. Bf4 Bg7 4. e3 0-0 5. Be2 c5 6. 0-0 d6 7. c4 Nbd7 8. Nc3 Re8 9. Rc1 a6 10. Qd2 b6 11. Rfd1 Bb7 12. d5 Qc7 13. e4 Rad8 14. Re1 Nf8 15. e5 Nh5 16. exd6 exd6 17. Be3 Nd7 18. Bh6 f5 19. Bxg7 Kxg7 20. Ng5 Ndf6 21. Ne6+ Rxe6 22. dxe6 Re8 23. Nd5 Nxd5 24. cxd5 Nf6 25. Bf3 h6 26. Qc3 b5 27. Re2 b4 28. Qxb4 Bxd5 29. Bxd5 Nxd5 30. Qc4 Nf6 31. b4 Qa7 32. bxc5 Qxc5 33. Qxc5 dxc5 34. Rxc5 Ne4 35. Rc7+ Kf6 36. f3 Nd6 37. e7 Nb5 38. Rc6+ Kf7 39. Rxa6 Nc3 40. Re1 Rxe7 41. Rxe7+ Kxe7 42. a4 1-0

[Event "London Classic op U1825 11th"]
[Site "London"]
[Date "2019.11.30"]
[Round "2"]
[White "Mata, Andrew B"]
[Black "Gogia, Abeer"]
[Result "1-0"]
[WhiteElo "1756"]
[BlackElo "1197"]
[PlyCount "33"]
[EventDate "2019.11.29"]
[EventType "swiss"]
[EventRounds "5"]
[EventCountry "ENG"]
[SourceTitle "CBM 195 Extra"]
[Source "ChessBase"]
[SourceDate "2020.05.31"]
[SourceVersion "1"]
[SourceVersionDate "2020.05.31"]
[SourceQuality "1"]

1. Nf3 d5 2. g3 Nc6 3. d4 Nf6 4. Bg2 Bf5 5. 0-0 e6 6. Bg5 h6 7. Be3 Bd6 8. a3 0-0 9. c4 Be7 10. Nc3 Qd7 11. Bf4 Bd6 12. Be5 Ng4 13. Bxd6 Qxd6 14. Nh4 dxc4 15. e4 Nf6 16. exf5 Qxd4 17. Bxc6 1-0

[Event "London CSC op U2000 7th"]
[Site "London"]
[Date "2015.12.11"]
[Round "5"]
[White "Mata, Andrew B"]
[Black "Marshall, Michael"]
[Result "1/2-1/2"]
[WhiteElo "1714"]
[BlackElo "1870"]
[PlyCount "35"]
[EventDate "2015.12.07"]
[EventType "swiss"]
[EventRounds "9"]
[EventCountry "ENG"]
[SourceTitle "CBM 170 Extra"]
[Source "ChessBase"]
[SourceDate "2016.02.25"]
[SourceVersion "1"]
[SourceVersionDate "2016.02.25"]
[SourceQuality "1"]

1. d4 d5 2. c4 e6 3. g3 Nf6 4. Nf3 c6 5. Bg2 Bd6 6. Nc3 0-0 7. 0-0 Nbd7 8. Nd2 h6 9. Re1 Re8 10. e4 dxe4 11. Ndxe4 Nxe4 12. Nxe4 Bc7 13. Bxh6 gxh6 14. Qh5 Kg7 15. Qg4+ Kh7 16. Qh5 Kg7 17. Qg4+ Kh7 18. Qh5 1/2-1/2